00658nam a2200169 i 450000100060000000300090000600500170001500700030003200800410003510000390007624501180011526000520023330000260028550000810031171000620039285200340045481306ES-MaACL20230906174419.0t|041104q19001999sp ||||1| spa d1 aHoyos Sáinz, Luis de,d1868-195113aEl nudo cántabro ibérico y el Pico de Tres Mares (Santader) b: nota preliminar / cde Luis de Hoyos Sáinz. aMadrid : b[s.n., c19--?] (fHuelves y Cía.) ap. 153-159 ; c24 cm. aPrecede al tít.: Asociación Española para el progreso de las Ciencias.2 aAsociación Española para el Progreso de las Ciencias. aES-MaACLj1840-F-14 bR.19973